[Event "Petrov Memorial op"]
[Site "St Petersburg"]
[Date "2000.02.15"]
[Round "8"]
[White "Aleksandrov, Aleksej"]
[Black "Balashov, Yuri S"]
[Result "1/2-1/2"]
[WhiteElo "2606"]
[BlackElo "2534"]
[Annotator "Wells,P"]
[PlyCount "67"]
[EventDate "2000.02.05"]
[EventType "swiss"]
[EventRounds "9"]
[EventCountry "RUS"]
[SourceTitle "CBM 076"]
[Source "ChessBase"]
[SourceDate "2000.05.31"]
[SourceVersion "1"]
[SourceVersionDate "2000.05.31"]
[SourceQuality "1"]

1. d4 Nf6 2. c4 e6 3. Nc3 Bb4 4. e3 O-O 5. Bd3 c5 6. a3 Bxc3+ 7. bxc3 Nc6 8.
Ne2 b6 9. e4 Ne8 10. O-O Ba6 11. f4 f5 {Preventing the advance of white's
f-pawn to f6 is pretty well compulsory, but this, while the most popular way
is not the only one. Black has also tried systems based upon ...f6.} (11... Na5
12. f5 exf5 (12... f6 $5 13. Nf4 cxd4 14. Qh5 exf5 15. exf5 Nd6 16. Rf3 Qe8 17.
Ng6 {White throws everything at black's king in this game, but it is not
enough.} Bxc4 18. Bf4 Bxd3 19. Rh3 Bxf5 20. Qxh7+ Kf7 21. Rg3 Ne4 22. Ne5+ Ke6
{0-1 Timman,J-Polugaevsky,L/Tilburg 1983/MCD (22)}) 13. exf5 f6 $5 $13 (13...
Bxc4 $2 14. f6 $1 Nxf6 15. Bg5 $16 {[%cal Ye2g3,Yg3h5,Yg3f5,Yf1f6,Yg5d8] is
typical of what black must avoid. White's attack with Ng3-h5/f5 simply plays
itself.}) (13... Nf6 $6 14. Bg5 h6 15. Bh4 Bxc4 16. Nf4 {Also invites a
serious assault. White's conduct of the attack here is a joy to watch.} d5 17.
Nh5 Kh7 18. Rf3 Rg8 19. Rh3 {[%csl Rh6]} Bxd3 20. Qxd3 Nc4 21. Rf1 Rc8 22. Bg5
$1 Rc6 23. Nxg7 Kxg7 (23... Rxg7 24. Rxh6+ Kg8 25. Qh3 $18) 24. Bxh6+ Kh8 25.
Bf8+ {1-0 Hoi,C-Kveinys,A/Ostrava 1992 (25)})) (11... f6 12. Qa4 $5 Na5 13.
dxc5 bxc5 14. Rd1 Qc7 15. f5 e5 16. Ng3 Nd6 17. Be2 Ndxc4 18. Bxc4+ (18. Rxd7
$5 Qb6 19. Nh5 $40) 18... Bxc4 19. Rxd7 Qb6 20. Qd1 Rad8 {1/2-1/2 Balashov,
Y-Aseev,K/St. Petersburg 1998/CBM 67 (20)}) 12. exf5 $5 {I prefer this to the
older} (12. Ng3 g6 13. Be3 {when black has a wide choice, including two
classic defensive contributions from Karpov, whose match against Saemisch
specialist Yusupov did much to refine the theory here:} cxd4 $5 (13... Nd6 14.
exf5 Nxc4 $1 {Only this way! White is obliged to seek compensation for the
exchange in some rather muddy waters.} (14... gxf5 15. Qe2 Na5 16. dxc5 Ndxc4
17. Bd4 bxc5 18. Bxc5 Rf6 19. Rab1 Rg6 20. Bd4 {[%cal Yd4h8]} Rc8 21. Bxa7 Qc7
22. Bd4 Bb7 23. Rf2 Nxa3 24. Re1 Rf8 25. Qh5 $40 {1-0 Polgar,Z-Sokolov,I/
Pardubice 1994/CBM 42 (52)}) 15. Bxc4 Bxc4 16. fxg6 Bxf1 17. Qh5 Qe7 18. Rxf1
hxg6 19. Qxg6+ Qg7 20. Qd3 cxd4 21. cxd4 Qh7 $13 {0-1 Yusupov,A-Karpov,A/
London cs 1989 (61) and now} 22. f5 $5 {I.Zaitsev is interesting.}) (13... d6
14. d5 Ne7 15. exf5 gxf5 16. Nh5 Nf6 17. dxe6 Bb7 18. Bf2 Nxh5 (18... Qe8 $5)
19. Qxh5 Qe8 {1/2-1/2 Jussupow,A-Salov,V/Linares 1993/CBM 34 (41) and now
simply} 20. Qh3 $5 $40 {Retains attacking chances, as Salov himself notes.})
14. cxd4 d5 $1 {Another Karpovian idea which seems fine for black.} 15. cxd5
Bxd3 16. Qxd3 fxe4 17. Qxe4 (17. Nxe4 Qxd5 18. Nc3 Qd7 19. Rad1 Ne7 {[%csl Gd5]
} 20. d5 Rd8 $5 (20... exd5 21. Nxd5 Qxd5 22. Qxd5+ Nxd5 23. Rxd5 Nf6 24. Rd3 {
[%cal Yf4f5] also does not look too terrifying, although white can still try
to create some play with f5.}) 21. f5 Rxf5 22. Rxf5 exf5 (22... Nxf5 $5 23. Bg5
Rc8 24. dxe6 Qxe6 25. Nd5 {offers a little compensation, but I suspect not
enough.}) 23. Bg5 Nd6 24. Qd4 $44 {[%csl Yd5,Yg5] 0-1 Lyrberg,P-Soffer,R/
Budapest 1993/EXT 97 (54) and again white has some compensation for a pawn.})
17... Qxd5 18. Qxd5 exd5 19. Rac1 Na5 ({The original approach with} 19... Rc8
$1 {still looks best at present. It would be interesting to know whether
Yusupov had in mind Karpov's own suggestion after} 20. f5 Nd6 21. fxg6 hxg6 22.
Rxf8+ Kxf8 23. h4 $1 Nc4 24. Bg5 Nxd4 {0-1 Jussupow,A-Karpov,A/Linares 1993/
CBM 34 (40)} {of} 25. Rf1+ Ke8 26. Re1+ Kd7 (26... Kf8 $5) 27. Re7+ Kc6 28. Rg7
$13) 20. f5 Nc4 21. Bg5 Ned6 22. Be7 Rf7 23. Bxd6 Nxd6 24. fxg6 hxg6 25. Rc6
Rd8 26. Rxf7 Kxf7 27. Rc7+ Ke6 28. Rxa7 $14 {1-0 Jussupow,A-Cvitan,O/Dresden
1998/CBM 65 (48)}) 12... exf5 13. dxc5 bxc5 14. Be3 {Alexsandrov is quite a
specialist in this line, and looks particularly dangerous in the.... White's
plan here involves redirecting this bishop to the king-side, and at the same
time re-routing his knight towards the tasty centre square d5. The old example
from Spassky given below describes this better than I can. Encouraging black
to play ...d6 also helps to ensure that the e8 knight will not participate in
the onslaught against the c4 pawn. It is important not to be distracted by
tempting tactical possibilities here.} ({It is by now well established that} 
14. Ng3 g6 15. Be3 d6 16. Bxf5 $6 gxf5 17. Qd5+ Rf7 18. Qxc6 Bb7 $1 (18... Bxc4
{is less purposeful.}) 19. Qa4 h5 $1 {[%csl Re3,Rg3][%cal Gb7g2,Gf7g7,Gg7g2,
Gh5h4] Black has ample compensation for the pawn. This is less based around
the customary queen-side weaknesses, which are here well covered, but rather
the tremendous contrast in the scope of the bishops. It is well-known that
opposite-coloured bishops enhance the prospects of the player with attacking
chances against the king, and here the weakness of white's g2 point is a vivid
example.} 20. Rab1 Ng7 21. Rf2 h4 22. Rfb2 hxg3 23. Rxb7 Rxb7 24. Rxb7 Qe8 25.
Qxe8+ Rxe8 26. Bd2 Re2 27. Rb2 Nh5 28. hxg3 Nxg3 $17 {[%csl Rc3,Rc4,Rd2,Gg3]
[%cal Gg3e4] Nimzovich would have been very proud!} 29. Rb8+ Kf7 30. Be1 Rxe1+
31. Kf2 Re4 32. Kxg3 Rxc4 33. Rb7+ Ke6 34. Rxa7 Kd5 35. a4 Rxc3+ 36. Kh4 Ke4
$17 {0-1 Hollis,A-Hovde,F/corr 1991/Inf 51 (52)}) 14... d6 {Better to accept
the necessity of this} (14... Qa5 {has the drawback of weakening d7.} 15. Bf2
Nd6 16. Bc2 $1 {[%csl Rd6,Rd7]} Rf6 17. Qd5+ Kh8 18. Bd3 Rc8 19. Qxc5 Qxc5 20.
Bxc5 Bxc4 21. Bxc4 Nxc4 22. Rfd1 d6 23. Bf2 Re6 24. Nd4 Nxd4 25. Bxd4 $14 {
[%csl Yd4][%cal Gd4g7,Gd4a7] 1-0 Aleksandrov,A-Epishin,V/Moscow PCA-Intel qual
1995/EXP 46 (53)}) 15. Bf2 (15. Rb1 Qc7 16. Bf2 Bc8 17. Re1 Nf6 18. Ng3 g6 19.
Nf1 $1 {[%csl Rf6][%cal Yf2h4,Yf1e3,Ye3d5] This is really a bit of vintage
1960s Spassky - sit back and enjoy!} Bb7 20. Bh4 Nh5 21. Bg5 Rf7 22. Be2 Nf6
23. Ne3 Ne4 24. Nd5 Qd7 25. Bf3 Re8 26. Rxe4 $1 Rxe4 (26... fxe4 27. Bg4 Rf5
28. Nf6+) 27. Bxe4 fxe4 28. Nf6+ Rxf6 29. Bxf6 Na5 30. Rb5 $5 Nxc4 31. Rxc5 Nb6
32. Qb3+ Kf8 33. Rg5 {[%cal Yf4f5]} e3 34. Bd4 Qe8 35. Qb1 Qe6 $2 36. f5 $1 $40
Qe7 37. fxg6 Qxg5 38. Qf1+ Ke8 39. Qf7+ Kd8 40. Bf6+ {1-0 Spassky,B-Bykov,V/
Leningrad 1963 (40)}) (15. Ng3 Qc8 (15... g6 $5 {looks better at once since I
suspect} 16. Bxf5 gxf5 17. Qd5+ Rf7 18. Qxc6 Bb7 19. Qa4 Rg7 $44 {will still
be fine for black.}) 16. Re1 g6 17. Be2 Rb8 18. Bf2 Qc7 19. Nf1 $1 {[%cal
Ye3d5,Yf1e3,Yf2h4] Familiar activation of white's forces.} Nf6 20. Ne3 Ne7 21.
Bh4 Ne4 22. Bf3 Rbe8 23. Qd3 Bb7 24. Rad1 Nc8 25. Nd5 Qf7 26. Rb1 Kh8 27. Re3
h6 28. Bxe4 fxe4 29. Rxe4 Rxe4 30. Qxe4 Nb6 31. f5 Bxd5 32. cxd5 Qxf5 33. Re1
Nxd5 34. c4 Qxe4 35. Rxe4 $14 Nc3 36. Re6 Rf4 $2 37. Bf6+ Kg8 38. Bxc3 $18 {
1-0 Aleksandrov,A-Dragomarezkij,E/Moscow 1995/EXT 98 (47)}) 15... Qd7 16. Ng3
g6 17. Re1 Nf6 18. Nf1 Rae8 $1 {Black's defensive set-up looks the most
efficient. No time has been lost in contesting the important e4 square.} 19.
Qa4 Ne5 20. Bc2 Qxa4 21. Bxa4 Ned7 22. Ne3 Re6 23. Bb5 Bb7 (23... Bxb5 24. cxb5
Rfe8 25. c4 {[%cal Ya3a5]} Nb6 26. a4 Ng4 $5) 24. Nd5 Rxe1+ 25. Rxe1 Nxd5 26.
Bxd7 Nb6 $1 {[%mdl 256] Balashov makes a series of sensible and instructive
defensive choices here to neutralise fully white's initiative.} (26... Nxf4 27.
Bg3 Rf7 (27... Nxg2 28. Re7 $40) 28. Be8 $14) 27. Re7 Bc8 28. Bc6 Rf7 29. Bh4
Bd7 $1 30. Bf3 Rxe7 31. Bxe7 Nc8 32. Bd5+ Kg7 33. Bd8 Kf8 34. Kf2 1/2-1/2

[Event "SWE-ch"]
[Site "Borlange"]
[Date "2014.07.12"]
[Round "1"]
[White "Semcesen, Daniel"]
[Black "Hillarp Persson, Tiger"]
[Result "1-0"]
[WhiteElo "2471"]
[BlackElo "2564"]
[Annotator "Ziegler,A"]
[PlyCount "67"]
[EventDate "2014.07.12"]
[EventType "tourn"]
[EventRounds "9"]
[EventCountry "SWE"]
[EventCategory "10"]
[SourceTitle "CBM 161 Extra"]
[Source "ChessBase"]
[SourceDate "2014.08.29"]
[SourceVersion "1"]
[SourceVersionDate "2014.08.29"]
[SourceQuality "1"]

1. d4 Nf6 2. c4 e6 3. Nc3 Bb4 4. a3 {old school} Bxc3+ 5. bxc3 c5 6. e3 Nc6 {
Black is heading for a Hübner with a tempi extra.} 7. Bd3 O-O 8. Ne2 {White
declines...} e5 9. O-O Re8 10. Ng3 b6 (10... cxd4 11. cxd4 exd4 12. exd4 d5 {
is a way of saying that the knight is misplaced on g3.}) 11. d5 e4 {risky} (
11... Na5 12. e4 Ba6 13. Nf5 d6 14. Ne3 $14) 12. Nxe4 Nxe4 13. dxc6 Nf6 14. e4
dxc6 15. e5 {With this move Black's knight gets totally desoriented. Try to
find a nice square for the knight!} Ng4 16. f4 f5 17. h3 Nh6 18. Qf3 Be6 {
occupying the only nice square for the knight.} 19. Rd1 Qc7 20. Be3 Rac8 21.
Bf2 Nf7 22. Bh4 (22. a4 $1 a5 23. Rab1 {Was the classical approach. White's
advantage is overwhealming.}) 22... Nd8 23. Rd2 Qf7 24. Rad1 Nb7 25. Be2 Na5
26. Rd6 Rc7 27. Kh2 Rd7 28. R1d2 Rxd6 29. Rxd6 h6 30. Qg3 Kh7 31. a4 Bxc4 32.
Bxc4 Nxc4 33. Rxc6 Re6 34. Rc8 $11 {Here Tiger forgot about the clock and lost
on time?} 1-0